00321nam a2200121 a 450000500170000000800410001702000180005805000250007610000160010124500380011726000350015530000090019020140412111328.0110127s19uu xx 00 eng d a0-7329-1888-x aTR(GS 002bT361 1993 aThomas, Ron aA Book about books /cRon Thomas. aAustralia :bMacmillan,c1993. a16p.